| 000 | 00878cam a2200217 4500 | ||
|---|---|---|---|
| 001 | X113022 | ||
| 008 | 000000n2001 000 0 eng u | ||
| 035 | _a(Sirsi) u113022 | ||
| 100 | _aJones, O. | ||
| 245 | _aSurvival of the fittest | ||
| 260 | _c2001 | ||
| 490 |
_aBuilding _v266(8186) 25 May 2001, 51(1) |
||
| 520 | _aArgues that consultants in the building industry need to modify their business practices and improve efficiency to become truly innovative service providers if they are to succeed in a rapidly changing marketplace. Highlights the difficulties of making change happen within the traditionally resistant construction sector. | ||
| 650 | _aSERVICE PROVIDERS | ||
| 650 | _aCONSULTANTS | ||
| 650 | _aCONSTRUCTION INDUSTRY | ||
| 650 | _aEFFICIENCY | ||
| 650 | _aBUSINESS PROCESS IMPROVEMENT | ||
| 690 | _aMANAGEMENT-BUSINESS MANAGEMENT | ||
| 942 | _n0 | ||
| 999 |
_c67269 _d67269 |
||